Children as victims of homicide: Part I - historical and anthropological research

Guardado en:  
Detalles Bibliográficos
Autor principal: Prabha Unnithan, N. (Autor)
Tipo de documento: Print Artículo
Lenguaje:Inglés
Publicado: 1991
En: Criminal justice abstracts
Año: 1991, Volumen: 23, Número: 1, Páginas: 146-160
Verificar disponibilidad: HBZ Gateway
Palabras clave:

MARC

LEADER 00000caa a22000002c 4500
001 1640160191
003 DE-627
005 20220608131258.0
007 tu
008 160223s1991 xx ||||| 00| ||eng c
035 |a (DE-627)1640160191 
035 |a (DE-576)456067639 
035 |a (DE-599)BSZ456067639 
040 |a DE-627  |b ger  |c DE-627  |e rakwb 
041 |a eng 
100 1 |a Prabha Unnithan, N.  |4 aut 
245 1 0 |a Children as victims of homicide: Part I - historical and anthropological research  |c N. Prabha Unnithan 
264 1 |c 1991 
336 |a Text  |b txt  |2 rdacontent 
337 |a ohne Hilfsmittel zu benutzen  |b n  |2 rdamedia 
338 |a Band  |b nc  |2 rdacarrier 
773 0 8 |i In  |t Criminal justice abstracts  |d Thousand Oaks, Calif. : Sage Publications, 1977  |g 23(1991), 1, Seite 146-160  |w (DE-627)129890057  |w (DE-600)302589-5  |w (DE-576)015198677  |x 0146-9177  |7 nnas 
773 1 8 |g volume:23  |g year:1991  |g number:1  |g pages:146-160 
935 |a mkri 
951 |a AR 
ELC |b 1 
LOK |0 000 xxxxxcx a22 zn 4500 
LOK |0 001 3301545742 
LOK |0 003 DE-627 
LOK |0 004 1640160191 
LOK |0 005 20250502122922 
LOK |0 008 160208||||||||||||||||ger||||||| 
LOK |0 040   |a DE-21-110  |c DE-627  |d DE-21-110 
LOK |0 689   |a s  |a Kindstötung 
LOK |0 852   |a DE-21-110 
LOK |0 852 1  |m p  |9 00 
LOK |0 935   |a k110 
LOK |0 938   |k p 
LOK |0 939   |a 08-02-16  |b l01 
ORI |a SA-MARC-krimdoka001.raw